| 000 -LEADER | |
|---|---|
| fixed length control field | 00376nam a22001697a 4500 |
| 005 - DATE AND TIME OF LATEST TRANSACTION | |
| control field | 20160528093103.0 |
| 008 - FIXED-LENGTH DATA ELEMENTS--GENERAL INFORMATION | |
| fixed length control field | 160528b xxu||||| |||| 00| 0 eng d |
| 020 ## - INTERNATIONAL STANDARD BOOK NUMBER | |
| ISBN | 978-0-07-015256-4 |
| 041 ## - LANGUAGE CODE | |
| Language code of text/sound track or separate title | eng |
| 082 ## - DEWEY DECIMAL CLASSIFICATION NUMBER | |
| Item number | 5584 |
| 100 ## - MAIN ENTRY--AUTHOR NAME | |
| Personal name | Pradhan, Swapna |
| 245 ## - TITLE STATEMENT | |
| Title | Retailing Management |
| 260 ## - PUBLICATION, DISTRIBUTION, ETC. (IMPRINT) | |
| Name of publisher | TMH |
| 300 ## - PHYSICAL DESCRIPTION | |
| Number of Pages | 598 |
| 650 ## - SUBJECT ADDED ENTRY--TOPICAL TERM | |
| Topical Term | Management |
| 942 ## - ADDED ENTRY ELEMENTS (KOHA) | |
| Koha item type | Books |
| Lost status | Damaged status | Collection code | Home library | Current library | Shelving location | Date acquired | Full call number | Accession Number | Koha item type |
|---|---|---|---|---|---|---|---|---|---|
| MANAGEMENT | JRU Library | JRU Library | SHELF- 67 H | 28/05/2016 | 5584 | 5584 | Books | ||
| MANAGEMENT | JRU Library | JRU Library | SHELF- 67 H | 28/05/2016 | 658.87 | 5585 | Books | ||
| MANAGEMENT | JRU Library | JRU Library | SHELF- 67 H | 28/05/2016 | 5584 | 5586 | Books | ||
| MANAGEMENT | JRU Library | JRU Library | SHELF- 67 H | 28/05/2016 | 5584 | 5587 | Books | ||
| MANAGEMENT | JRU Library | JRU Library | SHELF- 67 H | 28/05/2016 | 5584 | 5588 | Books |